02756cam a2200601 a 4500999001900000001000900019003000500028005001700033008004100050010001700091015001900108016001800127020002400145020002100169020003200190020002900222020003200251020002900283020003200312020002900344020003200373020002900405035002400434038001100458040007100469041001300540042001400553043001200567050002600579082001300605130004900618245013100667260006400798300003900862490003200901500010800933505032701041546003301368651003201401700002601433700003101459700002501490700002701515700002601542700002301568830003601591906004501627942001201672952011901684952012201803952012201925952010702047 c523574d52357417476758NUST20190427102244.0120927s2012 enka b 001 0 eng d a 2012454575 aGBB2040072bnb7 a0160097442Uk a9781107013094 (set) a1107013097 (set) a9781107013056 (hbk. : v. 1) a1107013054 (hbk. : v. 1) a9781107013063 (hbk. : v. 2) a1107013062 (hbk. : v. 2) a9781107013070 (hbk. : v. 3) a1107013070 (hbk. : v. 3) a9781107013087 (hbk. : v. 4) a1107013089 (hbk. : v. 4) a(OCoLC)ocn773429642 awaseem aUKMGBcUKMGBdERASAdYDXCPdBWXdYNKdCDXdTXHdWAUdZCUdXIIdDLC1 aenghchi alccopycat aa-cc---00aDS721b.Z5562813 201204a951bHIS0 aZhonghua wen ming zhi guang.lEnglish91423814aThe history of Chinese civilization /cgeneral editors, Yuan Xingpei ... [et al.] ; English text edited by David R. Knechtges. aCambridge ;aNew York :bCambridge University Press,c2012. a4 v. :bill. (some col.) ;c24 cm.1 aThe Cambridge China library a"Originally published by Peking University Press as History of Chinese civilization, 2006"--T.p. verso.0 av. 1. Earliest times-221 B.C.E. / volume editor, Yan Wenming -- v. 2. Qin, Han, Wei, Jin, and the Northern and Southern dynasties / volume editor, Zhang Chuanxi -- v. 3. Sui and Tang to mid-Ming dynasties (581-1525) / volume editor Yuan Xingpei -- v. 4. Late Ming and Qing dynasties (1525-1911) / volume editor, Lou Yulie. aTranslated from the Chinese. 0aChinaxCivilization.9126721 aYuan, Xingpei.9142391 aKnechtges, David R.9142401 aYan, Wenming.9142411 aZhang, Chuanxi.9142421 aDeng, Xiaonan.9142431 aLou, Yulie.914244 0aCambridge China library.914245 a7bcbcccopycatd1encipf20gy-gencatlg 2ddccBK 00102ddc4070aCLbCLcCHISTd2019-04-27eGolden Bookl1o951 HISpCL-17r2024-10-17s2024-08-06w2019-04-27yBK 00102ddc4070aCLbCLcCHISTd2019-04-27eGolden Bookl1m2o951 HISpCL-16r2024-08-09s2022-04-19w2019-04-27yBK 00102ddc4070aCLbCLcCHISTd2019-04-27eGolden Bookl1m1o951 HISpCL-18r2024-11-27s2024-10-17w2019-04-27yBK 00102ddc4070aCLbCLcCHISTd2019-04-27eGolden Bookl0o951 HISpCL-19r2021-10-06w2019-04-27yBK